Vie de Saint Euthyme le Grand (377-473) (Registro nro. 87220)

Detalles MARC
000 -ENCABEZADO
Número de control [NR] 00817nam a22002177a 4500
008 - DE LONGITUD FIJA DE DATOS DE ELEMENTOS - INFORMACIÓN GENERAL
Elementos de longitud fija [NR] 130821s1909 fr gr dfre
040 ## - FUENTE DE CATALOGACION [NR]
Agencia de catalogación original [NR] Co-BoUCM
Idioma de catalogación [NR] spa
041 00 - CODIGO DE IDIOMA [R]
Código de idioma para texto/pista de sonido o título separado [R] Francés
100 ## - ASIENTO PRINCIPAL--NOMBRE PERSONAL [NR]
Nombre personal [NR] Genier, Raymond
ID Autoridad 150354
245 00 - MENCION DE TITULO [NR]
Título [NR] Vie de Saint Euthyme le Grand (377-473)
Parte restante del título [NR] Les moines et l'église en Palestine au Ve siècle
Mención de responsabilidad, etc. [NR] Raymond Genier
260 ## - PUBLICACION, DISTRIBUCION, ETC. (PIE DE IMPRENTA) [R]
Lugar de publicación, distribución, etc. [R] París (Francia)
Nombre del editor, distribuidor, etc. [R] Librairie Victor Leccoffre
Fecha de publicación, distribución, etc. [R] 1909
300 ## - DESCRIPCION FISICA [R]
Extensión [R] 305 páginas
490 ## - MENCION DE SERIE [R]
Mención de serie [R] Etudes palestiniennes et orientales
600 ## - ASIENTO SECUNDARIO DE MATERIA - NOMBRE PERSONAL [R]
Nombre personal [NR] Eutimio
Títulos y otras palabras asociadas con el nombre [R] Santo
9 (RLIN) 1608
600 ## - ASIENTO SECUNDARIO DE MATERIA - NOMBRE PERSONAL [R]
Nombre personal [NR] Eutimio
Títulos y otras palabras asociadas con el nombre [R] Santo
Subdivisión de forma [R] Biografías
9 (RLIN) 150355
650 04 - ASIENTO SECUNDARIO DE MATERIA - TERMINO TEMATICO [R]
Término temático o nombre geográfico como elemento de entrada [NR] Biografías
9 (RLIN) 7343
650 04 - ASIENTO SECUNDARIO DE MATERIA - TERMINO TEMATICO [R]
Término temático o nombre geográfico como elemento de entrada [NR] Ordenes religiosas de mujeres
9 (RLIN) 20829
650 04 - ASIENTO SECUNDARIO DE MATERIA - TERMINO TEMATICO [R]
Término temático o nombre geográfico como elemento de entrada [NR] Ordenes religiosas de mujeres
Subdivisión geográfica [R] Palestina
9 (RLIN) 20829
651 ## - ASIENTO SECUNDARIO DE MATERIA - NOMBRE GEOGRAFICO [R]
Nombre geográfico [NR] Palestina
9 (RLIN) 27210
942 ## - ELEMENTOS DE ENTRADA AGREGADOS (KOHA)
Tipo de ítem principal el descrito en 300a Libro
Tema principal Religión
Edición 1
Parte restante de la signatura top. G35
Título oculto en OPAC No
Sistema de clasificación DEWEY
Clasificación 248.8943
Existencias
Signatura topográfica Código de barras Última vez visto Volúmen / Fascículo Ejemplar Price effective from Tipo de ítem Perdido Sistema de clasificación Dañado No prestable Tipo de ítem específico Suprimido Ubicación habitual Ubicación actual Localización Fecha de creación Forma de adquisición Costo
FCS 248.8943 G35 120000405 06/07/2012 1909 Ej.1 03/02/2013 Libro   DEWEY     Fondos especiales     Archivo Histórico Archivo histórico 28/02/2003 Donación 1000.00